000 01072nmc a2200373 a 4500
003 AR-BaBNM
005 20251128204111.0
008 115019s1991 ||||||||||||||000 | spa||
020 _a950-25-1576-5
040 _cAR-BaBNM
100 1 _aGuido, Denis
245 1 0 _aPoderes en la administración municipal
260 _aBuenos Aires
_bCentro Editor de América Latina
_c1991
300 0 _a125 p.
_bgráfs.
490 0 _aBiblioteca política argentina
_vv. 308
500 0 _aMCBA: MUNICIPALIDAD DE LA CIUDAD DE BUENOS
500 0 _aCONCEJO DELIBERANTE
504 _aContiene: bibliografía y notas
610 2 4 _aPartido Justicialista
650 4 _aADMINISTRACION MUNICIPAL
650 4 _aGOBIERNO MUNICIPAL
650 4 _aPOLITICA LABORAL
650 4 _aADMINISTRACION DEL PERSONAL
650 4 _aDEMOCRACIA
650 4 _aSINDICALISMO
650 4 _aDEUDA PUBLICA
650 4 _aPODER POLITICO
650 4 _aPOLITICA NACIONAL
651 4 _aArgentina
653 _aPERONISMO
800 1 _aTroncoso, Oscar
_edirector
942 _cBK
998 _cGrace
999 _c6172
_d6172